[Event "Melbourne op"]
[Site "Melbourne"]
[Date "2024.04.05"]
[Round "6"]
[White "Sun, Wanyao Sarah"]
[Black "Salasan, Haran"]
[Result "0-1"]
[WhiteElo "1787"]
[BlackElo "1962"]
[PlyCount "98"]
[EventDate "2024.04.03"]
[EventType "swiss"]
[EventRounds "9"]
[EventCountry "AUS"]
[SourceTitle "CB18_2024"]
[SourceDate "2024.05.01"]
[SourceVersion "1"]
[SourceVersionDate "2024.05.01"]
[SourceQuality "2"]

1. e4 c6 2. d4 d5 3. e5 c5 4. dxc5 e6 5. Be3 Nh6 6. Nf3 Bd7 7. Nbd2 Nf5 8. Bf4 Bxc5 9. Bd3 Ne7 10. Nb3 Bb6 11. 0-0 Nbc6 12. a3 Ng6 13. Bg3 0-0 14. Bb5 Ncxe5 15. Bxd7 Nxf3+ 16. Qxf3 Qxd7 17. Rad1 Rac8 18. c3 Qb5 19. Nd4 Qxb2 20. Bd6 Rfd8 21. Bb4 Qa2 22. Rb1 Qc4 23. Rfd1 a5 24. Be7 Nxe7 25. Rxb6 Qxc3 26. Rxb7 Qxf3 27. Nxf3 Nf5 28. Rdb1 Nd6 29. R7b3 Nc4 30. h3 h6 31. a4 Nd6 32. Rb6 Rc4 33. Ne5 Rxa4 34. Nc6 Re8 35. Nxa5 Rxa5 36. Rxd6 Rea8 37. Rb7 R5a7 38. Rbd7 Rxd7 39. Rxd7 Ra1+ 40. Kh2 g5 41. Rd8+ Kg7 42. Kg3 Kg6 43. Rg8+ Kf5 44. Rd8 Ke4 45. f3+ Ke3 46. Rd7 d4 47. Rxf7 d3 48. Rf6 Ra6 49. f4 d2 0-1

[Event "NZL-ch op 131st"]
[Site "Palmerston North"]
[Date "2024.01.03"]
[Round "2"]
[White "Sun, Wanyao Sarah"]
[Black "Archer, Ollie"]
[Result "0-1"]
[WhiteElo "1614"]
[BlackElo "2024"]
[PlyCount "60"]
[EventDate "2024.01.02"]
[EventType "swiss"]
[EventRounds "9"]
[EventCountry "NZL"]
[SourceTitle "CB03_2024"]
[SourceDate "2024.01.17"]
[SourceVersion "1"]
[SourceVersionDate "2024.01.17"]
[SourceQuality "1"]

1. e4 c6 2. d4 d5 3. e5 Bf5 4. Nf3 e6 5. Be2 Ne7 6. 0-0 c5 7. dxc5 Nec6 8. Be3 Nd7 9. Bb5 Bxc5 10. Bxc5 Nxc5 11. Nd4 0-0 12. Nxf5 exf5 13. Bxc6 bxc6 14. Qd4 Ne6 15. Qd2 Qb8 16. f4 Qxb2 17. Nc3 Qb6+ 18. Kh1 Qd4 19. Qe1 Rab8 20. Rf3 Rb2 21. Qh4 Rxc2 22. Qe1 Rb8 23. Rd1 Qc4 24. h3 d4 25. Nb1 Qxa2 26. Ra3 Qd5 27. Qg1 Nxf4 28. Rxd4 Qxd4 29. Qf1 Qe4 30. Rf3 Rc1 0-1

[Event "Wch U14 Girls"]
[Site "Montesilvano"]
[Date "2023.11.18"]
[Round "6"]
[White "Smietanska, Wiktoria"]
[Black "Sun, Wanyao Sarah"]
[Result "1-0"]
[WhiteElo "2009"]
[BlackElo "1593"]
[PlyCount "129"]
[EventDate "2023.11.13"]
[EventType "swiss"]
[EventRounds "11"]
[EventCountry "ITA"]
[SourceTitle "CB48_2023"]
[SourceDate "2023.11.29"]
[SourceVersion "1"]
[SourceVersionDate "2023.11.29"]
[SourceQuality "1"]

1. c4 g6 2. Nf3 Bg7 3. g3 e5 4. Nc3 d6 5. Bg2 f5 6. d4 e4 7. Ng1 Nf6 8. Nh3 0-0 9. e3 Nc6 10. Nf4 Bd7 11. h4 Qe8 12. Rb1 a5 13. Qb3 a4 14. Qd1 Qf7 15. Bf1 Ng4 16. Be2 Na5 17. Ncd5 Rac8 18. Bd2 Nc6 19. Rc1 Ne7 20. Nc3 Ra8 21. Bxg4 fxg4 22. Nxe4 Bf5 23. Nc3 h6 24. Qe2 Rae8 25. 0-0 Nc6 26. Qd1 g5 27. hxg5 hxg5 28. Nfd5 Bd3 29. Qxg4 Bxc4 30. Qxg5 Bxf1 31. Rxf1 Re6 32. Nf4 Rf6 33. Qd5 Bh6 34. Qxf7+ R8xf7 35. Nfd5 Rf5 36. f4 Rh5 37. Kg2 Bf8 38. g4 Rh6 39. g5 Rg6 40. Ne4 Be7 41. Rh1 Bd8 42. Rh5 Nb8 43. Kh3 Rh7 44. Ndf6+ Bxf6 45. Nxf6+ Rxf6 46. Rxh7 Kxh7 47. gxf6 Kg6 48. e4 Kxf6 49. Kg4 Nd7 50. Bc3 b5 51. e5+ dxe5 52. dxe5+ Ke7 53. f5 c5 54. e6 Nf8 55. Kf4 b4 56. Be1 Nxe6+ 57. fxe6 Kxe6 58. Ke4 Kd6 59. Kd3 Kd5 60. b3 Kc6 61. Kc4 Kb6 62. Bf2 Ka5 63. Bxc5 axb3 64. Bxb4+ Kb6 65. axb3 1-0

[Event "North Island-ch Staurt Memorial"]
[Site "Auckland"]
[Date "2023.07.15"]
[Round "5"]
[White "Sun, Wanyao Sarah"]
[Black "De Guzman, Jessie"]
[Result "1-0"]
[WhiteElo "1561"]
[BlackElo "1627"]
[PlyCount "49"]
[EventDate "2023.07.13"]
[EventType "swiss"]
[EventRounds "8"]
[EventCountry "NZL"]
[SourceTitle "EXT 2024"]
[Source "ChessBase"]
[SourceDate "2023.10.10"]
[SourceVersion "1"]
[SourceVersionDate "2023.10.10"]
[SourceQuality "1"]

1. e4 e5 2. Nf3 Nc6 3. d4 exd4 4. Nxd4 Nxd4 5. Qxd4 d6 6. Nc3 Nf6 7. f3 Be6 8. Be3 Be7 9. Be2 0-0 10. g4 Nd7 11. 0-0 Bf6 12. Qd2 Ne5 13. g5 Be7 14. f4 Nc4 15. Bxc4 Bxc4 16. f5 f6 17. h4 b5 18. g6 hxg6 19. fxg6 b4 20. Nd5 f5 21. b3 Bxd5 22. Qxd5+ Kh8 23. exf5 c6 24. Qf3 a5 25. Qh5+ 1-0

[Event "North Island-ch Staurt Memorial"]
[Site "Auckland"]
[Date "2023.07.14"]
[Round "3"]
[White "Sun, Wanyao Sarah"]
[Black "Chen, Anderson"]
[Result "1-0"]
[WhiteElo "1561"]
[BlackElo "1408"]
[PlyCount "81"]
[EventDate "2023.07.13"]
[EventType "swiss"]
[EventRounds "8"]
[EventCountry "NZL"]
[SourceTitle "EXT 2024"]
[Source "ChessBase"]
[SourceDate "2023.10.10"]
[SourceVersion "1"]
[SourceVersionDate "2023.10.10"]
[SourceQuality "1"]

1. e4 c5 2. Nf3 Nc6 3. d4 cxd4 4. Nxd4 Qb6 5. Nb3 g6 6. Nc3 Bg7 7. Be3 Qd8 8. Qd2 d6 9. f3 Nf6 10. Be2 a6 11. 0-0-0 Bd7 12. Kb1 Rb8 13. g4 0-0 14. Bh6 b5 15. h4 Ne5 16. Bxg7 Kxg7 17. h5 Rh8 18. Nd4 Qa5 19. hxg6 hxg6 20. Nf5+ Bxf5 21. gxf5 Qb4 22. a3 Qc5 23. fxg6 Nxg6 24. f4 e6 25. Bd3 Rxh1 26. Rxh1 Rh8 27. Rxh8 Qg1+ 28. Ka2 Nxh8 29. e5 dxe5 30. fxe5 Nh5 31. Ne2 Qg4 32. Qa5 Nf4 33. Nxf4 Qxf4 34. Qxa6 b4 35. Qd6 bxa3 36. bxa3 Ng6 37. Bxg6 Kxg6 38. Kb3 Kf5 39. a4 Qxe5 40. Qd3+ Qe4 41. a5 1-0

[Event "Auckland Trusts op 45th"]
[Site "Auckland"]
[Date "2023.06.03"]
[Round "1"]
[White "Sun, Wanyao Sarah"]
[Black "Wang, Daniel3333"]
[Result "0-1"]
[WhiteElo "1584"]
[BlackElo "1850"]
[PlyCount "74"]
[EventDate "2023.06.03"]
[EventType "swiss"]
[EventRounds "6"]
[EventCountry "NZL"]
[SourceTitle "EXT 2024"]
[Source "ChessBase"]
[SourceDate "2023.10.10"]
[SourceVersion "1"]
[SourceVersionDate "2023.10.10"]
[SourceQuality "1"]

1. e4 c6 2. d4 d5 3. e5 Bf5 4. h4 Qa5+ 5. c3 h5 6. Bd3 Bxd3 7. Qxd3 e6 8. Bg5 Qa6 9. Qc2 Ne7 10. Ne2 Nf5 11. 0-0 Nd7 12. Ng3 g6 13. Nd2 Nxg3 14. fxg3 Qb6 15. Rf4 Bg7 16. Raf1 Rf8 17. Kh1 Qc7 18. c4 Nb6 19. b3 Nc8 20. Nf3 a5 21. cxd5 exd5 22. e6 f5 23. Re1 Nd6 24. Nd2 Bf6 25. Bxf6 Rxf6 26. Qd1 Ke7 27. Nf3 Ne4 28. Kh2 Rxe6 29. Nd2 Rd8 30. Qc2 Nxd2 31. Rxe6+ Kxe6 32. Qxd2 Re8 33. Rf3 Kd7 34. Qh6 Qd6 35. Qd2 Re4 36. Rf4 Qb4 37. Qf2 Qe1 0-1

[Event "Bob Wade mem Challengers 2"]
[Site "Howick"]
[Date "2023.01.17"]
[Round "5"]
[White "Sun, Wanyao Sarah"]
[Black "Xu, Luna Yuexiu"]
[Result "0-1"]
[WhiteElo "1458"]
[BlackElo "1446"]
[PlyCount "130"]
[EventDate "2023.01.14"]
[EventType "tourn"]
[EventRounds "9"]
[EventCountry "NZL"]
[SourceTitle "EXT 2024"]
[Source "ChessBase"]
[SourceDate "2023.10.10"]
[SourceVersion "1"]
[SourceVersionDate "2023.10.10"]
[SourceQuality "1"]

1. e4 c5 2. Nf3 d6 3. d4 Nf6 4. Nc3 cxd4 5. Nxd4 a6 6. Qd3 e5 7. Nf5 Bxf5 8. exf5 Nc6 9. Bg5 h6 10. Bxf6 Qxf6 11. Ne4 Qe7 12. 0-0-0 0-0-0 13. Qc3 Kb8 14. Bxa6 d5 15. Bb5 Nd4 16. Qa5 Nxb5 17. Qxb5 dxe4 18. Rxd8+ Qxd8 19. Rd1 Bd6 20. Qd5 Qg5+ 21. Kb1 Rd8 22. Qxe4 Bc7 23. Re1 Qd2 24. a3 Rd4 25. Qe2 Qxe2 26. Rxe2 Rf4 27. f3 Rxf5 28. Rd2 Kc8 29. b4 Rf6 30. c4 Rd6 31. Rc2 Rd1+ 32. Ka2 e4 33. fxe4 Re1 34. h3 Rxe4 35. a4 Bf4 36. a5 Rd4 37. Kb3 Rd3+ 38. Ka4 Rd2 39. Rxd2 Bxd2 40. b5 Kc7 41. c5 Be3 42. Kb4 f5 43. Kc4 g5 44. Kd5 h5 45. Ke5 Bxc5 46. Kxf5 Be3 47. h4 gxh4 48. Kg6 Bd2 49. a6 bxa6 50. bxa6 Kb6 51. Kxh5 Be1 52. Kg4 Kxa6 53. Kh3 Bg3 54. Kg4 Kb5 55. Kf3 Kc4 56. Ke2 Kd4 57. Kf1 Bh2 58. Kf2 Kd3 59. Kf1 Ke3 60. Ke1 Kf4 61. Kf2 Kg4 62. Ke2 Bg1 63. Kf1 Be3 64. Ke2 Kg3 65. Kf1 Bd4 0-1

[Event "Bob Wade mem Challengers 2"]
[Site "Howick"]
[Date "2023.01.15"]
[Round "2"]
[White "Sun, Wanyao Sarah"]
[Black "Chang, Yolanda"]
[Result "1-0"]
[WhiteElo "1458"]
[BlackElo "1508"]
[PlyCount "127"]
[EventDate "2023.01.14"]
[EventType "tourn"]
[EventRounds "9"]
[EventCountry "NZL"]
[SourceTitle "EXT 2024"]
[Source "ChessBase"]
[SourceDate "2023.10.10"]
[SourceVersion "1"]
[SourceVersionDate "2023.10.10"]
[SourceQuality "1"]

1. e4 c6 2. d4 d5 3. e5 c5 4. dxc5 e6 5. Be3 Nc6 6. Nf3 Nge7 7. Nbd2 Nf5 8. Nb3 Nxe3 9. fxe3 Qc7 10. Bb5 Bd7 11. Bxc6 Bxc6 12. Qd4 Bb5 13. 0-0-0 b6 14. cxb6 axb6 15. a3 Ba4 16. Rd3 Bxb3 17. Rxb3 Bc5 18. Qd3 f6 19. e4 Rd8 20. exf6 Qf4+ 21. Kb1 gxf6 22. exd5 Rxd5 23. Qb5+ Kf7 24. Qc6 Rhd8 25. Re1 R5d6 26. Qb5 Rd5 27. Qe2 Qd6 28. Qe4 Rh8 29. Rc3 Rd1+ 30. Rxd1 Qxd1+ 31. Ka2 Qd5+ 32. Qxd5 exd5 33. Rd3 Ke6 34. Nd4+ Bxd4 35. Rxd4 Rg8 36. g3 Ke5 37. c3 f5 38. Rb4 Rg6 39. Rb5 Ke4 40. a4 Rd6 41. Rb4+ Kd3 42. Rf4 Rh6 43. Rxf5 Rxh2 44. Rxd5+ Kc4 45. Rb5 Rh6 46. g4 Rg6 47. Rh5 Rxg4 48. Rxh7 Kc5 49. b4+ Kc4 50. Rc7+ Kd5 51. Kb3 Kd6 52. Rc4 Rg1 53. b5 Rb1+ 54. Ka2 Rc1 55. Kb2 Rh1 56. Rc6+ Kd5 57. Rxb6 Rh4 58. Kb3 Kc5 59. Rc6+ Kd5 60. c4+ Kd4 61. b6 Rh3+ 62. Kb4 Kd3 63. b7 Kc2 64. Rb6 1-0

[Event "NZL-ch U18 op"]
[Site "Wellington"]
[Date "2023.01.09"]
[Round "7"]
[White "Sun, Wanyao Sarah"]
[Black "Mavaram, Eashan"]
[Result "1-0"]
[WhiteElo "1635"]
[BlackElo "1441"]
[PlyCount "107"]
[EventDate "2023.01.02"]
[EventType "swiss"]
[EventRounds "7"]
[EventCountry "NZL"]
[SourceTitle "CBM 212 Extra"]
[Source "ChessBase"]
[SourceDate "2023.03.31"]
[SourceVersion "1"]
[SourceVersionDate "2023.03.31"]
[SourceQuality "1"]

1. e4 e6 2. d4 d5 3. Nc3 Nf6 4. e5 Nfd7 5. f4 c5 6. Nf3 Nc6 7. Be3 Qb6 8. Na4 Qc7 9. Nxc5 Nxc5 10. dxc5 Bd7 11. Be2 Rc8 12. 0-0 Be7 13. Bd3 Qa5 14. Ng5 Bxc5 15. Bxc5 Qxc5+ 16. Kh1 Qe7 17. Qh5 g6 18. Qh3 Kf8 19. c4 dxc4 20. Bxc4 Nd4 21. Bd3 Kg7 22. Ne4 h5 23. Nf6 Bb5 24. Bxb5 Nxb5 25. Qh4 Qc5 26. Ne4 Qc7 27. Qf6+ Kg8 28. Ng5 Rf8 29. Rfd1 a6 30. Rac1 Qb6 31. Nxf7 Rh7 32. Qxg6+ Rg7 33. Nh6+ Kh8 34. Qxh5 Qf2 35. Ng4+ Rh7 36. Qxh7+ Kxh7 37. Nxf2 Rxf4 38. Nd3 Re4 39. h3 Nd4 40. Rc7+ Kg6 41. Nc5 Re2 42. Rxd4 Rxb2 43. Rxb7 Rxa2 44. Rb6 a5 45. Rxe6+ Kf5 46. g4+ Kg5 47. Ne4+ Kf4 48. Nc3+ Ke3 49. Nxa2 Kxd4 50. Rf6 Kxe5 51. Rf5+ Ke6 52. Rxa5 Kf6 53. g5+ Kg6 54. h4 1-0

[Event "NZL-ch op-B 130th"]
[Site "Wellington"]
[Date "2023.01.08"]
[Round "7"]
[White "Jackson, L Ross"]
[Black "Sun, Wanyao Sarah"]
[Result "1-0"]
[WhiteElo "1885"]
[BlackElo "1635"]
[PlyCount "75"]
[EventDate "2023.01.02"]
[EventType "swiss"]
[EventRounds "9"]
[EventCountry "NZL"]
[SourceTitle "CBM 212 Extra"]
[Source "ChessBase"]
[SourceDate "2023.03.31"]
[SourceVersion "1"]
[SourceVersionDate "2023.03.31"]
[SourceQuality "1"]

1. d4 d5 2. c4 Nf6 3. cxd5 Nxd5 4. e4 Nf6 5. Nc3 e6 6. Be3 Bb4 7. Bd3 0-0 8. h3 Nc6 9. Nf3 Ba5 10. 0-0 Nb4 11. Bb1 c6 12. a3 Na6 13. Qc2 Ne8 14. e5 f5 15. exf6 Nxf6 16. Ng5 h6 17. Nh7 Rf7 18. Nxf6+ Qxf6 19. Ne4 Qg6 20. Qa4 Qh5 21. Nd6 Rf8 22. Qc2 Rf5 23. Nxf5 exf5 24. Ba2+ Kh8 25. Qb3 Qe8 26. Bf4 Bc7 27. Rfe1 Qf8 28. Be5 Bxe5 29. Rxe5 Nc7 30. Rae1 Kh7 31. Qf3 Bd7 32. Bb1 Re8 33. Rxe8 Nxe8 34. d5 Nd6 35. dxc6 Bxc6 36. Qf4 Qf6 37. Rd1 Qg6 38. f3 1-0

[Event "NZL-ch rapid op 130th"]
[Site "Wellington"]
[Date "2023.01.05"]
[Round "8"]
[White "Sun, Wanyao Sarah"]
[Black "Suggate, Romero"]
[Result "1-0"]
[WhiteElo "1458"]
[BlackElo "1782"]
[PlyCount "119"]
[EventDate "2023.01.04"]
[EventType "swiss (rapid)"]
[EventRounds "9"]
[EventCountry "NZL"]
[SourceTitle "CBM 212 Extra"]
[Source "ChessBase"]
[SourceDate "2023.03.31"]
[SourceVersion "1"]
[SourceVersionDate "2023.03.31"]
[SourceQuality "1"]

1. e4 c5 2. Nf3 Nf6 3. Nc3 d5 4. exd5 Nxd5 5. d4 Nxc3 6. bxc3 e6 7. Bd3 Nc6 8. 0-0 Be7 9. Bf4 0-0 10. Ne5 Nxe5 11. Bxe5 Bd6 12. Bxd6 Qxd6 13. Re1 b6 14. Re3 g6 15. Rh3 e5 16. Rg3 exd4 17. cxd4 Qxd4 18. Rc1 Be6 19. c3 Qf4 20. Rf3 Qd6 21. Rg3 Rfd8 22. Qf3 Bxa2 23. c4 Bb3 24. h4 Ba4 25. h5 Bc6 26. Qe3 Qd4 27. hxg6 fxg6 28. Qe6+ Kh8 29. Qxc6 Rac8 30. Qe6 Rf8 31. Rf3 Rce8 32. Rxf8+ Rxf8 33. Qe2 Rd8 34. Bc2 Rf8 35. Rd1 Qf6 36. Rd7 Qa1+ 37. Kh2 Qf6 38. Re7 Qxf2 39. Qxf2 Rxf2 40. Ba4 Ra2 41. Bb5 Ra5 42. Bc6 Ra3 43. Bd5 Ra5 44. Re8+ Kg7 45. Re7+ Kh6 46. Bg8 a6 47. Rxh7+ Kg5 48. Rc7 Ra4 49. Rc6 b5 50. cxb5 axb5 51. Rxc5+ Kf4 52. Rxb5 g5 53. Rc5 Ra3 54. Rc4+ Kf5 55. Rc5+ Kf4 56. Rc2 Kf5 57. Rf2+ Kg4 58. Be6+ Kh4 59. Rf3 Ra4 60. Rh3# 1-0

[Event "NZL-ch U18 op"]
[Site "Wellington"]
[Date "2023.01.05"]
[Round "3"]
[White "Sun, Wanyao Sarah"]
[Black "Zhou, Martin"]
[Result "1-0"]
[WhiteElo "1635"]
[BlackElo "1061"]
[PlyCount "29"]
[EventDate "2023.01.02"]
[EventType "swiss"]
[EventRounds "7"]
[EventCountry "NZL"]
[SourceTitle "CBM 212 Extra"]
[Source "ChessBase"]
[SourceDate "2023.03.31"]
[SourceVersion "1"]
[SourceVersionDate "2023.03.31"]
[SourceQuality "1"]

1. e4 Nf6 2. Nc3 d6 3. d4 Nbd7 4. Nf3 b6 5. e5 dxe5 6. dxe5 Ng4 7. Bb5 Bb7 8. e6 fxe6 9. Ng5 Ngf6 10. Nxe6 Qc8 11. Bf4 c6 12. Nc7+ Kd8 13. Bc4 h6 14. Bf7 c5 15. Ne6# 1-0

[Event "North Island-ch"]
[Site "Auckland"]
[Date "2022.07.17"]
[Round "8"]
[White "Liang, Qixuan"]
[Black "Sun, Wanyao Sarah"]
[Result "0-1"]
[WhiteElo "1453"]
[BlackElo "1423"]
[PlyCount "90"]
[EventDate "2022.07.14"]
[EventType "swiss"]
[EventRounds "9"]
[EventCountry "NZL"]
[SourceTitle "EXT 2024"]
[Source "ChessBase"]
[SourceDate "2023.10.10"]
[SourceVersion "1"]
[SourceVersionDate "2023.10.10"]
[SourceQuality "1"]

1. c4 e5 2. g3 Nf6 3. Bg2 d5 4. cxd5 Nxd5 5. Nc3 Be6 6. Nf3 Nc6 7. 0-0 Bc5 8. d3 0-0 9. Bd2 f5 10. Ng5 Nxc3 11. bxc3 Bd7 12. Rb1 Rb8 13. Qb3+ Kh8 14. Nf7+ Rxf7 15. Qxf7 Bd6 16. Bh3 Qc8 17. e4 Be6 18. Qh5 g6 19. Qe2 f4 20. Bxe6 Qxe6 21. f3 h5 22. Be1 Kg7 23. Bf2 g5 24. d4 exd4 25. cxd4 Na5 26. d5 Qg6 27. Bd4+ Kf7 28. e5 Re8 29. Rbe1 b6 30. Qb5 Be7 31. Re4 a6 32. Qxa6 Rg8 33. e6+ Kf8 34. Kh1 Bd6 35. Rfe1 Ke7 36. Bc3 fxg3 37. Qb5 Rd8 38. Bb4 Nb7 39. Qc6 Nc5 40. Bxc5 bxc5 41. a4 Qf5 42. Kg2 h4 43. h3 g4 44. hxg4 h3+ 45. Kxh3 Qh7+ 0-1

[Event "North Island-ch"]
[Site "Auckland"]
[Date "2022.07.16"]
[Round "7"]
[White "Sun, Wanyao Sarah"]
[Black "Zhu, David Junyang"]
[Result "1/2-1/2"]
[WhiteElo "1423"]
[BlackElo "1535"]
[PlyCount "67"]
[EventDate "2022.07.14"]
[EventType "swiss"]
[EventRounds "9"]
[EventCountry "NZL"]
[SourceTitle "EXT 2024"]
[Source "ChessBase"]
[SourceDate "2023.10.10"]
[SourceVersion "1"]
[SourceVersionDate "2023.10.10"]
[SourceQuality "1"]

1. e4 c5 2. Nf3 d6 3. d4 cxd4 4. Nxd4 Nf6 5. Nc3 a6 6. Qd3 g6 7. Bg5 Bg7 8. a4 Nbd7 9. h4 Nc5 10. Qf3 Nfxe4 11. Nxe4 Bxd4 12. Nxc5 Bxc5 13. Bc4 f6 14. Bh6 Qa5+ 15. c3 Kd7 16. Qd5 Qb6 17. 0-0 Qc6 18. Qf7 Re8 19. Bb5 axb5 20. axb5 Bxf2+ 21. Kxf2 Qc5+ 22. Be3 Qf5+ 23. Kg3 Rxa1 24. Rxf5 gxf5 25. Qxh7 Ra4 26. Qxf5+ Kc7 27. Qd5 Rg4+ 28. Kf2 Reg8 29. g3 e6 30. b6+ Kd7 31. Bc5 R4g7 32. Qxd6+ Ke8 33. Qd5 Rg4 34. Be3 1/2-1/2

[Event "North Island-ch"]
[Site "Auckland"]
[Date "2022.07.16"]
[Round "6"]
[White "Yu, Zachary"]
[Black "Sun, Wanyao Sarah"]
[Result "1-0"]
[WhiteElo "1681"]
[BlackElo "1423"]
[PlyCount "51"]
[EventDate "2022.07.14"]
[EventType "swiss"]
[EventRounds "9"]
[EventCountry "NZL"]
[SourceTitle "EXT 2024"]
[Source "ChessBase"]
[SourceDate "2023.10.10"]
[SourceVersion "1"]
[SourceVersionDate "2023.10.10"]
[SourceQuality "1"]

1. d4 Nf6 2. c4 g6 3. Nc3 Bg7 4. e4 d6 5. Be2 0-0 6. Be3 Nbd7 7. h4 e5 8. d5 Nc5 9. Qc2 a5 10. f3 h5 11. Nh3 Nh7 12. Ng5 Nxg5 13. hxg5 f6 14. g4 hxg4 15. fxg4 f5 16. gxf5 gxf5 17. Bf3 f4 18. Bf2 Qxg5 19. Bh4 Qg6 20. 0-0-0 Qf7 21. Rdg1 Nd7 22. Qh2 Nf6 23. Bxf6 Qxf6 24. Qh7+ Kf7 25. Bh5+ Ke7 26. Rxg7+ 1-0